header

Deleuze and sex (Record no. 128694)

MARC details
000 -LEADER
fixed length control field 01249nam a2200349Ia 4500
245 00 - TITLE STATEMENT
Title Deleuze and sex
260 ## - PUBLICATION, DISTRIBUTION, ETC. (IMPRINT)
Place of publication Edinburgh :
Name of publisher Edinburgh University Press,
Year of publication c2011.
300 ## - PHYSICAL DESCRIPTION
Number of Pages vi, 244 p.
490 1# - SERIES STATEMENT
Series statement Deleuze connections
650 #0 - SUBJECT ADDED ENTRY--TOPICAL TERM
Topical Term Sex
700 1# - ADDED ENTRY--PERSONAL NAME
Personal name Beckman, Frida.
856 40 - ELECTRONIC LOCATION AND ACCESS
Uniform Resource Identifier http://site.ebrary.com/lib/rucke/Doc?id=10496757

No items available.

© 2026 Rongo University
Contact us: librarian | system librarian | Rongo university